| 000 | 00541nam a2200169Ia 4500 | ||
|---|---|---|---|
| 008 | 221030s9999 xx 000 0 und d | ||
| 020 | _a9789388548472 | ||
| 041 | _aEnglish | ||
| 100 | _aR. Y. Vardhan | ||
| 245 | 0 |
_aPollock & Mulla : The Indian Contract & Specific Relief Acts, 16th Ed.Vol.I : The Indian Contract Act, 1872 Sections 1 to 72 _cby R. Y. Vardhan, C. Narayan |
|
| 250 | _a16th | ||
| 260 |
_bLexis Nexis _aGurgaon _c2022 |
||
| 300 | _a1131 | ||
| 650 | _aContract & Specific Relief Act | ||
| 700 | _aC. Narayan | ||
| 942 | _cBK | ||
| 999 |
_c18852 _d18852 |
||